| 000 | 00963nac a22003017a 4500 | ||
|---|---|---|---|
| 001 | BR8203324 | ||
| 003 | BR-BrBNA | ||
| 005 | 20240105115343.0 | ||
| 008 | 230509b bl.|||m| |||| 00| 0 por d | ||
| 040 |
_aBR-BrBNA _bpor _cBiblioteca Nacional de Agricultura |
||
| 072 | _aL60 | ||
| 090 | _aL60 BR8203324 | ||
| 100 | 1 | _aSander, M. | |
| 100 | 1 | _aVoss, W.A. | |
| 110 | 1 |
_aInstituto Anchietano de Pesquisas, Sao Leopoldo, RS (Brasil) _95670 |
|
| 245 | 1 | _aQuatro notas sobre aves no Rio Grande do Sul, Brasil | |
| 260 | 3 |
_aSao Leopoldo, RS (Brasil): _c1982. |
|
| 300 | _a28 p. | ||
| 490 |
_aPesquisas. Zoologia - Instituto Anchietano de Pesquisas (Brazil) _vno. 33 _xISSN 0373-8418 |
||
| 650 | _aAVE AQUATICA | ||
| 650 | _aAVE ORNAMENTAL | ||
| 650 | _aTAXONOMIA VEGETAL | ||
| 650 | _aDISTRIBUICAO GEOGRAFICA | ||
| 650 | _aHABITO ALIMENTAR | ||
| 650 | _aRIO GRANDE DO SUL | ||
| 909 |
_a202312 _bLúcia Elande _c55 _dLúcia Elande |
||
| 942 |
_2AGRIS _n0 _cMS |
||
| 999 |
_c274450 _d274450 |
||